Chronophysiology and therapy

Bibliographic Details
Format: Electronic Journal
Language:English
Published: [Auckland, N.Z.] : Dove Medical Press, [2011]-
Subjects:
Online Access:Full text available from Research Library: 01/01/2011 to 01/31/2017

MARC

LEADER 00000nas a2200000 i 4500
001 ssj0000580869
003 WaSeSS
005 20200512172242.0
006 m d
007 cr n
008 101028c20119999nz x p s 0 a0eng c
010 |a  2013247773 
022 |a 2230-2026  |l 2230-2026 
035 |a (WaSeSS)ssj0000580869 
040 |a NZ1  |b eng  |c NZ1  |d OCLCQ  |d CUD  |d CUS  |d PFM  |d OCLCF  |d OCLCQ  |d EUW  |d OCLCQ  |d UAB  |d LIP  |d OCLCO  |d WT2  |d OCLCQ  |d LND  |d AU@  |d OCLCO  |d VT2  |d OCLCQ  |d OCLCO  |d CNMTR  |d OCLCQ  |d OCLCA  |d WaSeSS 
042 |a pcc 
050 4 |a RA778 
082 0 4 |a 615.8205  |2 22 
210 1 |a Chronophysiol. ther. 
222 0 |a Chronophysiology and therapy 
245 0 0 |a Chronophysiology and therapy  |h [electronic resource]. 
246 1 |a Journal of chronophysiology and therapy 
260 |a [Auckland, N.Z.] :  |b Dove Medical Press,  |c [2011]- 
310 |a Irregular 
362 1 |a Began with Volume 1 (2011). 
506 |a License restrictions may limit access. 
515 |a Articles added irregularly during the year and collected into annual issues. 
588 0 |a Volume 1 (2011); title from journal home page (publisher's Web site, viewed May 18, 2011). 
588 1 |a Volume 3 (2013) (viewed October 29, 2013). 
650 0 |a Therapeutics, Physiological  |v Periodicals. 
650 0 |a Human physiology  |v Periodicals. 
650 2 |a Physiology. 
650 2 |a Sleep. 
650 7 |a Human physiology.  |2 fast  |0 (OCoLC)fst00963183 
650 7 |a Therapeutics, Physiological.  |2 fast  |0 (OCoLC)fst01149711 
655 0 |a Electronic journals. 
856 4 0 |z Full text available from Research Library: 01/01/2011 to 01/31/2017  |u https://search.proquest.com/publication/3933192